书目信息 |
| 题名: |
中国近代哲学史
|
|
| 作者: | 候外庐 主编 | |
| 分册: | ||
| 出版信息: | 北京 人民出版社 1978.02 |
|
| 页数: | 505页 | |
| 开本: | 20cm | |
| 丛书名: | ||
| 单 册: | ||
| 中图分类: | B25 | |
| 科图分类: | ||
| 主题词: | 近代哲学--中国 , 个人-道德修养 | |
| 电子资源: | ||
| ISBN: | ||
| 000 | 00552nam0 2200205 45 | |
| 001 | 0309171430 | |
| 005 | 20060727145525.37 | |
| 010 | @dCNY1.20 | |
| 091 | @a2001.163 | |
| 100 | @a20030917d1978 km y0chiy0120 ea | |
| 101 | 0 | @achi |
| 200 | 1 | @a中国近代哲学史@AZhong Guo Jin Dai Zhe Xue Shi@f候外庐主编@FHou Wai Lu Zhu Bian |
| 210 | @a北京@c人民出版社@d1978.02 | |
| 215 | @a505页@d20cm | |
| 606 | 0 | @a近代哲学@x中国 |
| 606 | 0 | @a个人-道德修养 |
| 690 | @aB25@v3 | |
| 701 | 0 | @a候外庐@4主编 |
| 801 | @aCN@bTSTC@c20060727 | |
| 905 | @dB25@e10@b52711-712@f2 | |
| 中国近代哲学史/候外庐主编.-北京:人民出版社,1978.02 |
| 505页;20cm |
| ISBN :CNY1.20 |
| ● |
| 相关链接 |
|
|
|
|
正题名:中国近代哲学史
索取号:B25/10
 
预约/预借
| 序号 | 登录号 | 条形码 | 馆藏地/架位号 | 状态 | 备注 |
| 1 | 0052707 | 001717119 | 密集书库/ [索取号:B25/10] | 在馆 | |
| 2 | 0052708 | 001515417 | 密集书库/ [索取号:B25/10] | 在馆 | |
| 3 | 0052709 | 001666968 | 密集书库/ [索取号:B25/10] | 在馆 | |
| 4 | 0052711 | 001912283 | 密集书库/ [索取号:B25/10] | 在馆 | |
| 5 | 0052712 | 001912327 | 密集书库/ [索取号:B25/10] | 在馆 | |
| 6 | 0060932 | 001722826 | 密集书库/ [索取号:B25/10] | 在馆 | |
| 7 | 0060933 | 001719046 | 密集书库/ [索取号:B25/10] | 在馆 | |
| 8 | 0060935 | 001515480 | 密集书库/ [索取号:B25/10] | 在馆 | |
| 9 | 0060936 | 001667798 | 密集书库/ [索取号:B25/10] | 在馆 | |
| 10 | 0060937 | 001667734 | 密集书库/ [索取号:B25/10] | 在馆 | |
| 11 | 0060938 | 001667805 | 密集书库/ [索取号:B25/10] | 在馆 | |
| 12 | 0060939 | 001726038 | 密集书库/ [索取号:B25/10] | 在馆 | |
| 13 | 0060940 | 001667743 | 密集书库/ [索取号:B25/10] | 在馆 | |
| 14 | 0077170 | 202174869 | 密集书库/ [索取号:B25/10] | 在馆 |